| 000 | 01068cam a22003257a 4500 | ||
|---|---|---|---|
| 003 | CHAP | ||
| 005 | 20220817043829.0 | ||
| 008 | 020411d2000 us r 00110 eng d | ||
| 010 | _a85592 | ||
| 011 | _a86564 | ||
| 020 | _a0821345923 | ||
| 035 | _a97103 | ||
| 040 | _cCHAP | ||
| 082 | 0 | 4 |
_a338.9 _bB84 |
| 100 | 0 | 0 |
_aBurki, Shahid Javed. _916213 |
| 245 | 1 | 0 |
_aChanging perceptions and altered reality : _bemerging economies in the 1990s _c/by Shahid Javed Burki |
| 260 |
_aWashington, D.C.: _bInternational Bank for Reconstruction and Development, _c2000. |
||
| 300 | _a198 p. | ||
| 590 |
_aBATCH-UPD _b10 _c20130110 _lUCH01 _h1028 |
||
| 590 |
_aBATCH-UPD _b10 _c20130410 _lUCH01 _h0631 |
||
| 590 |
_aBATCH-UPD _b10 _c20130914 _lUCH01 _h1152 |
||
| 590 |
_aCONVERSION _b10 _c20130109 _lUCH01 _h1348 |
||
| 650 | 1 | 4 | _aDesarrollo económico. |
| 650 | 1 | 4 |
_aGlobalización. _948300 |
| 650 | 1 | 4 | _aPolítica económica. |
| 901 | _aBK | ||
| 905 | _aMayto Villalobos S. | ||
| 942 | _cLIBRO | ||
| 949 |
_a338.9 B84 _bBC _cLIBRO _d33724000865770 _eLIBRO _h102366 _i97103 _si _t$256.00 |
||
| 999 |
_c85592 _d85592 |
||